Estudios sobre la buena fe y el principio de proporción en las sanciones / (Record no. 183445)

MARC details
000 -LEADER
campo de control de longitud fija 00499nam a2200157 i 4500
001 - NÚMERO DE CONTROL
campo de control 183445
003 - IDENTIFICADOR DE NÚMERO DE CONTROL
campo de control ES-MaACL
005 - FECHA Y HORA DE LA ÚLTIMA TRANSACCIÓN
campo de control 20230906221909.0
008 - DATOS DE LONGITUD FIJA--INFORMACIÓN GENERAL
campo de control de longitud fija 140523s2013 sp |||| | spa d
100 1# - ENTRADA PRINCIPAL--NOMBRE DE PERSONA
Nombre de persona Lluís y Navas, Jaime.
9 (RLIN) 72976
245 10 - MENCIÓN DEL TÍTULO
Título Estudios sobre la buena fe y el principio de proporción en las sanciones /
Mención de responsabilidad, etc. Jaime Lluís y Navas.
260 ## - PUBLICACIÓN, DISTRIBUCIÓN, ETC.
Lugar de publicación, distribución, etc. Barcelona :
Nombre del editor, distribuidor, etc. [s.n.],
Fecha de publicación, distribución, etc. 2013.
300 ## - DESCRIPCIÓN FÍSICA
Extensión 61 p. ;
Dimensiones 22 cm.
650 #4 - PUNTO DE ACCESO ADICIONAL DE MATERIA--TÉRMINO DE MATERIA
Término de materia o nombre geográfico como elemento de entrada Buena fe (Derecho)
9 (RLIN) 154808
852 ## - LOCALIZACIÓN
Ubicación ES-MaACL
Número de control de estantería 1589-F-17
Holdings
Estatus retirado Estado de pérdida Estado de daño No para préstamo Colección Biblioteca de origen Biblioteca actual Ubicación en estantería Fecha de adquisición Fuente de adquisición Total de préstamos Signatura topográfica completa Código de barras Visto por última vez Precio de reemplazo Tipo de ítem Koha
        Colección de folletos Biblioteca del Ateneo de Madrid Biblioteca del Ateneo de Madrid Depósito folletos 23/05/2014     1589-F-17 1192814 23/02/2023 23/02/2023 Folleto